000 00658nam a2200241Ia 4500
003 OSt
005 20221007080501.0
006 a|||||r|||| 00| 0
007 ta
008 221006b |||||||| |||| 00| 0 eng d
024 _a41,960
037 _cTextual
040 _aFLL
_cFLL
_beng
041 _2eng
_aeng
082 _aY15:(Z2), Q3
100 _aMalhotra A.
245 0 _aSurrogacy in India
_b law in the making
260 _aNew Delhi
_bUniversal Law Publishing India
_c2013
300 _axxi,183p
_ccm.
700 _a Malhotra R.
942 _hY15:(Z2), Q3
_cTEXL
_2CC
999 _c1159805
_d1159805